000 00444nam a2200145Ia 4500
008 100415s9999 xx 000 0 und d
082 _b8495
_a595.78
100 _aRood Ronald N
245 _aThe How and Why Wonder Book of Ants and Bees
260 _aLONDON
_c1962
_bTRANSWORLD PUBLISHERS
365 _b0
630 _aThe How and Why Wonder Book of Ants and Bees
730 _aThe How and Why Wonder Book of Ants and Bees
942 _cBOOK
999 _c591437
_d591434